Sanremo '87 (Record n. 99705)
[ formato base ]
| 000 -LEADER | |
|---|---|
| fixed length control field | 02326njm a2200301Ia 4500 |
| 001 - CONTROL NUMBER | |
| control field | 40752 |
| 003 - CONTROL NUMBER IDENTIFIER | |
| control field | IT-RoPAU |
| 005 - DATE AND TIME OF LATEST TRANSACTION | |
| control field | 20220918181120.0 |
| 008 - FIXED-LENGTH DATA ELEMENTS--GENERAL INFORMATION | |
| fixed length control field | 131025s9999 xx 000 0 und d |
| 040 ## - CATALOGING SOURCE | |
| Original cataloging agency | IT-RoPAU |
| 040 ## - CATALOGING SOURCE | |
| Transcribing agency | IT-RoPAU |
| 041 ## - LANGUAGE CODE | |
| Language code of text/sound track or separate title | ITALIANO |
| 999 ## - SYSTEM CONTROL NUMBERS (KOHA) | |
| Koha Dewey Subclass [OBSOLETE] | n.d. |
| 100 ## - MAIN ENTRY--PERSONAL NAME | |
| Personal name | AA.VV. |
| 9 (RLIN) | 794 |
| 100 ## - MAIN ENTRY--PERSONAL NAME | |
| Relator term | Autore musica |
| 9 (RLIN) | 22283 |
| 100 ## - MAIN ENTRY--PERSONAL NAME | |
| Miscellaneous information | Codice autore musica SPICS: 12000 |
| 9 (RLIN) | 796 |
| 245 ## - TITLE STATEMENT | |
| Title | Sanremo '87 |
| 250 ## - EDITION STATEMENT | |
| Edition statement | 1a ed. |
| 260 ## - PUBLICATION, DISTRIBUTION, ETC. (IMPRINT) | |
| Place of publication, distribution, etc. | MILANO |
| 260 ## - PUBLICATION, DISTRIBUTION, ETC. (IMPRINT) | |
| Name of publisher, distributor, etc. | RICORDI |
| Date of publication, distribution, etc. | 1987 [1a Ed.:1987 - Ed. Lingua Orig.: 1987] |
| 300 ## - PHYSICAL DESCRIPTION | |
| Extent | DISCO |
| 300 ## - PHYSICAL DESCRIPTION | |
| Dimensions | 134 minuti (Testo: pag.) |
| 500 ## - GENERAL NOTE | |
| General note | Canzone italiana. Festival di Sanremo 1987. Brani di autori vari. |
| 505 ## - FORMATTED CONTENTS NOTE | |
| Formatted contents note | Dal cuore in poi [(Mango) (4:00)] - Pigramente signora [(Pravo Patty) (5:00)] - Tanti auguri [(Bella Marcella) (4:00)] - Straniero [(Miki) (4:00)] - Bolero [(Nada) (4:00)] - Dimmi che cos'è [(Le Orme) (4:00)] - Canzone d'amore [(I Ricchi e Poveri) (4:00)] - Nel mio profondo fondo [(Bono Alessandro) (4:00)] - Cantare [(Mediterranea) (5:00)] - L'odore del mare [(De Crescenzo Eduardo) (5:00)] - In volo nel futuro [(Palazzolo Ricky) (4:00)] - Il sognatore [(Di Capri Peppino) (5:00)] - Stringimi le mani [(Deanesi Charley) (4:00)] - Vita mia [(Biolcati Lena) (5:00)] - Conta chi canta [(Marzotto Umberto) (4:00)] - Non cadere mai in ginocchio [(Berger) (4:00)] - Briciole di pane [(Future) (4:00)] - Come dentro un film [(Barbarossa Luca) (4:00)] - E non si finisce mai [(Ghezzi Dori) (5:00)] - L'esteta [(Scheriani Paolo) (4:00)] - Quello che le donne non dicono [(Mannoia Fiorella) (4:00)] - Ma che bella storia [(Teo) (4:00)] - Canto per te [(Fortunato Flavia) (5:00)] - La notte dei pensieri [(Zarrillo Michele) (5:00)] - Il Garibaldi innamorato [(Caputo Sergio) (4:00)] - Campi d'atterraggio [(Chiari e Forti) (5:00)] - Sinuè [(Esposito Tony) (4:00)] - Warriors [(Of the Westland) (Frankie Goes To Hollywood) (4:00)] - Sometimes [(Erasure) (4:00)] - Will You Remember [(Eightwonder) (4:00)] - Walk Like An Egyptian [(Bangles) (4:00)] - Ask [(The Smiths) (3:00)] - In Your Arms [(I Just Died) (Cutting Crew) (5:00)] - How Many Lies? [(Spandau Ballet) (6:00)] |
| 650 ## - SUBJECT ADDED ENTRY--TOPICAL TERM | |
| Topical term or geographic name as entry element | CANZONE ITALIAN [DISCHI] |
| Relator term | Codice MATERIA SPICS: 9950 |
| 9 (RLIN) | 22284 |
| 700 ## - ADDED ENTRY--PERSONAL NAME | |
| Personal name | AA.VV. |
| Miscellaneous information | Codice autore SPICS: 12000 |
| Relator term | Autore |
| 9 (RLIN) | 799 |
| 942 ## - ADDED ENTRY ELEMENTS (KOHA) | |
| Koha item type | DISCHI |
| Source of classification or shelving scheme | Dewey Decimal Classification |
| Withdrawn status | Lost status | Damaged status | Not for loan | Home library | Current library | Date acquired | Total Checkouts | Full call number | Date last seen | Price effective from | Koha item type | Public note |
|---|---|---|---|---|---|---|---|---|---|---|---|---|
| Buone Condizioni | Not For Loan | SPICS-MEDIATECA | SPICS-MEDIATECA | 25/10/2013 | 40752 | 25/10/2013 | 25/10/2013 | DISCHI | Progr. Ins.: 14455 / N.Vol.: 2 / Copie: 1 - Copia rara: n.d. / date import: 01.01.2014 - By Epidotti, Trombetti, Vaglietti |